WWE Ultimate Quiz - Statistics

General Stats
  • This quiz has been taken 185 times
  • The average score is 33 of 50
Answer Stats
Question Answer % Correct
What year did Sheamus win the Royal Rumble? 2012
94%
How many times did Stone Cold win the WWE Championship? 6
93%
Who broke Undertaker's WrestleMania streak at WrestleMania 30? Brock Lesnar
92%
Who ended Ric Flair's career? Shawn Michaels
91%
What year did AJ Styles debut? 2016
87%
How many times did Chris Jericho win the Intercontinental Championship? 9
86%
Who was the very last Divas Champion? Charlotte Flair
86%
Who did Seth Rollins beat to win the WWE Championship at Money in the Bank 2016? Roman Reigns
86%
What year did Batista debut? 2002
85%
What was Edge's finisher? Spear
83%
Who won the WWE Championship from Batitsa at WrestleMania 26? John Cena
82%
What group destroyed everyone and took over WWE in 2010? Nexus
82%
Who managed both Kane and The Undertaker? Paul Bearer
81%
Who won the 50 Man Greatest Royal Rumble Match in 2018? Braun Strowman
80%
Who is John Cena's most frequent opponent who he faced a total of 77 times? Randy Orton
80%
Who did Asuka eliminate to win the first ever Women's Royal Rumble? Nikki Bella
79%
How many men were on each team in the Bragging Rights Tag Team Match? 7
78%
Who held the WWE Championship for a record 434 days? CM Punk
78%
Who was the first ever Miss Money in the Bank? Carmella
76%
What WWE Hall of Famer became the first Raw General Manager during the Brand Split in 2016? Mick Foley
75%
Who was the host of WrestleMania 27? The Rock
75%
Who was the first ever SmackDown Women's Champion? Becky Lynch
74%
Who holds the record for the shortest time spent in a Royal Rumble match? Santino Marella
73%
Who is the longest reigning SmackDown General Manager of all time? Teddy Long
73%
What year did Stone Cold get inducted into the WWE Hall of Fame? 2009
71%
What WrestleMania was Cody Rhodes' last WrestleMania? (NOT as Stardust) WrestleMania 28
70%
Who did Trish Stratus face in her last match at Unforgiven 2006? Lita
69%
Who made her in-ring debut alongside Kurt Angle to take on Triple H and Stephanie McMahon? Ronda Rousey
68%
Who won the Royal Rumble that year? Triple H
66%
Who are the only two individuals to be a 16 time World Champion? Ric Flair and John Cena
65%
Who is the leader of the Undisputed Era? Adam Cole
64%
Seth Rollins was injured in 2015 during a match which forced him to vacate his WWE Championship, who was the match against? Kane
62%
What pay-per-view was the location of the Montreal Screwjob? Survivor Series
62%
Who invented the Money in the Bank ladder match? Chris Jericho
61%
Who cashed in their Money in the Bank briefcase on Randy Orton in 2011 to win the WWE Championship? The Miz
61%
Who was the host of WrestleMania 30? Hulk Hogan
60%
Who faced and defeated Brie Bella at SummerSlam 2014? Stephanie McMahon
60%
Who was the first overall pick in the 2016 Draft? Seth Rollins
59%
What was the location of the first ever WrestleMania? New York City
58%
What type of match did Bray Wyatt win the WWE Championship in 2017? Elimination Chamber
56%
Who won the Cruiserweight Classic tournament in 2016? TJ Perkins
55%
Who ran over Stone Cold? Rikishi
54%
Who did he face at that previous WrestleMania? Rey Mysterio
45%
What was Goldberg's legendary undefeated record? 173-0
40%
Who was the last ever ECW Champion? Ezekiel Jackson
40%
Who did Randy Orton beat to win his first United States Championship? Bobby Roode
35%
CHALLENGE QUESTION: Who faced The Miz in a falls count anywhere match on Raw in their last match in WWE? John Morrison
32%
And who was the runner up? Gran Metalik
27%
What was the main event of SummerSlam 2010? Team WWE vs Nexus
22%
How long did Rey Mysterio spend in the 2006 Royal Rumble? 62:12
12%
No matching quizzes found
Score Distribution
Percent of People with Each Score
Percentile by Number Answered
Your Score History
You have not taken this quiz